000
00287nam a2200121Ia 4500
008
191201s2012 xx 000 0 und d
100
_a
SINGLA, RK
245
0
_a
Fundamentals of Management
260
_c
2012
_b
v.k.Enterprises
_a
N. delhi
300
_a
292
650
_a
ME
942
_2
ddc
_c
BB
999
_c
7573
_d
7573